000 00647nam a2200229Ia 4500
003 OSt
005 20221005130143.0
006 a|||||r|||| 00| 0
007 ta
008 221004b |||||||| |||| 00| 0 eng d
024 _a60178
037 _cTextual
040 _aCRL
_cCRL
_beng
041 _2eng
_aeng
082 _aV2:5:M5, H1
100 _aMajumdar Jatindra Kumar Ed.
245 0 _aRaja Rammohun Roy and progreesive movements in India
_b A selection from records, 1775-1845, etc.
260 _c1941
650 _aHISTORY
942 _hV2:5:M5, H1
_cTEXL
_2cc
999 _c1056255
_d1056255